[Event "DEM U14w 2025"]
[Site "Willingen GER"]
[Date "2025.06.09"]
[Round "3"]
[White "Mehner, Clara"]
[Black "Briese, Sophie"]
[Result "1-0"]
[Termination "normal"]
[Board "7"]
[WhiteElo "1643"]
[BlackElo "1499"]
[WhiteClock "00:14:22"]
[BlackClock "00:32:12"]
[PlyCount "95"]
[WhiteFideId "34612165"]
[BlackFideId "34660305"]
[EventCountry "GER"]
[EventRounds "9"]
[EventType "swiss"]
[EventDate "2025.06.07"]

1. e4 {[%clk 01:30:59]} c5 {[%clk 01:30:55]} {[%emt 00:00:05]} 2. Nf3 {[%clk
01:31:22]} {[%emt 00:00:07]} a6 {[%clk 01:31:18]} {[%emt 00:00:08]} 3. d4
{[%clk 01:31:10]} {[%emt 00:00:42]} cxd4 {[%clk 01:31:39]} {[%emt 00:00:09]} 4.
Nxd4 {[%clk 01:31:27]} {[%emt 00:00:12]} Nf6 {[%clk 01:31:51]} {[%emt
00:00:18]} 5. Nc3 {[%clk 01:28:24]} {[%emt 00:03:34]} e5 {[%clk 01:31:38]}
{[%emt 00:00:43]} 6. Nf3 {[%clk 01:23:48]} {[%emt 00:05:05]} Nc6 {[%clk
01:30:03]} {[%emt 00:02:05]} 7. a3 {[%clk 01:19:04]} {[%emt 00:05:14]} Bc5
{[%clk 01:18:59]} {[%emt 00:11:33]} 8. Bc4 {[%clk 01:07:46]} {[%emt 00:11:49]}
h6 {[%clk 01:11:25]} {[%emt 00:08:04]} 9. O-O {[%clk 01:03:38]} {[%emt
00:04:37]} O-O {[%clk 01:08:33]} {[%emt 00:03:22]} 10. Qd3 {[%clk 00:56:06]}
{[%emt 00:08:03]} Re8 {[%clk 01:05:56]} {[%emt 00:03:08]} 11. Nd5 {[%clk
00:50:49]} {[%emt 00:05:47]} d6 {[%clk 01:00:34]} {[%emt 00:05:51]} 12. h3
{[%clk 00:40:05]} {[%emt 00:11:14]} Be6 {[%clk 00:55:01]} {[%emt 00:06:03]} 13.
Re1 {[%clk 00:34:35]} {[%emt 00:06:00]} Bxd5 {[%clk 00:52:23]} {[%emt
00:03:08]} 14. Bxd5 {[%clk 00:34:11]} {[%emt 00:00:53]} Nxd5 {[%clk 00:52:12]}
{[%emt 00:00:41]} 15. Qxd5 {[%clk 00:34:01]} {[%emt 00:00:41]} Qb6 {[%clk
00:51:16]} {[%emt 00:01:25]} 16. Re2 {[%clk 00:33:16]} {[%emt 00:01:15]} a5
{[%clk 00:46:12]} {[%emt 00:05:36]} 17. c3 {[%clk 00:27:28]} {[%emt 00:06:18]}
Ne7 {[%clk 00:43:17]} {[%emt 00:03:24]} 18. Qd1 {[%clk 00:24:58]} {[%emt
00:02:55]} Qc6 {[%clk 00:39:59]} {[%emt 00:03:51]} 19. Be3 {[%clk 00:21:03]}
{[%emt 00:04:26]} b5 {[%clk 00:32:34]} {[%emt 00:07:56]} 20. Bxc5 {[%clk
00:12:48]} {[%emt 00:08:45]} Qxc5 {[%clk 00:31:30]} {[%emt 00:01:33]} 21. Qd2
{[%clk 00:11:09]} {[%emt 00:02:08]} Ng6 {[%clk 00:28:13]} {[%emt 00:03:48]} 22.
g3 {[%clk 00:08:27]} {[%emt 00:03:13]} Red8 {[%clk 00:25:46]} {[%emt 00:02:56]}
23. Rd1 {[%clk 00:07:56]} {[%emt 00:01:01]} Rac8 {[%clk 00:22:43]} {[%emt
00:03:33]} 24. Qd5 {[%clk 00:04:12]} {[%emt 00:04:14]} Ne7 {[%clk 00:20:40]}
{[%emt 00:02:33]} 25. Qxc5 {[%clk 00:03:42]} {[%emt 00:01:00]} Rxc5 {[%clk
00:20:07]} {[%emt 00:01:03]} 26. Red2 {[%clk 00:03:48]} {[%emt 00:00:25]} Nc8
{[%clk 00:19:11]} {[%emt 00:01:26]} 27. Rd5 {[%clk 00:03:32]} {[%emt 00:00:45]}
Rxd5 {[%clk 00:17:59]} {[%emt 00:01:43]} 28. Rxd5 {[%clk 00:03:53]} {[%emt
00:00:09]} Na7 {[%clk 00:18:18]} {[%emt 00:00:12]} 29. Nxe5 {[%clk 00:04:08]}
{[%emt 00:00:14]} Re8 {[%clk 00:16:11]} {[%emt 00:02:36]} 30. Nf3 {[%clk
00:03:25]} {[%emt 00:01:12]} Rxe4 {[%clk 00:15:27]} {[%emt 00:01:15]} 31. Rxd6
{[%clk 00:03:45]} {[%emt 00:00:10]} Re2 {[%clk 00:14:05]} {[%emt 00:01:52]} 32.
Rd8+ {[%clk 00:03:44]} {[%emt 00:00:31]} Kh7 {[%clk 00:14:27]} {[%emt
00:00:09]} 33. Rd2 {[%clk 00:04:07]} {[%emt 00:00:06]} Rxd2 {[%clk 00:13:40]}
{[%emt 00:01:17]} 34. Nxd2 {[%clk 00:04:31]} {[%emt 00:00:07]} Kg6 {[%clk
00:13:42]} {[%emt 00:00:28]} 35. Kg2 {[%clk 00:04:36]} {[%emt 00:00:24]} Kf5
{[%clk 00:12:41]} {[%emt 00:01:29]} 36. Kf3 {[%clk 00:04:53]} {[%emt 00:00:14]}
Ke5 {[%clk 00:12:40]} {[%emt 00:00:32]} 37. Ke3 {[%clk 00:05:00]} {[%emt
00:00:23]} Kd5 {[%clk 00:12:35]} {[%emt 00:00:33]} 38. Kd3 {[%clk 00:04:47]}
{[%emt 00:00:44]} Nc6 {[%clk 00:12:03]} {[%emt 00:01:03]} 39. f4 {[%clk
00:03:56]} {[%emt 00:01:21]} g5 {[%clk 00:11:07]} {[%emt 00:01:27]} 40. fxg5
{[%clk 00:00:40]} {[%emt 00:03:46]} Ne5+ {[%clk 00:10:50]} {[%emt 00:00:47]}
41. Ke3 {[%clk 00:28:41]} {[%emt 00:02:28]} hxg5 {[%clk 00:40:15]} {[%emt
00:01:05]} 42. b3 {[%clk 00:24:35]} {[%emt 00:04:37]} f5 {[%clk 00:37:56]}
{[%emt 00:02:48]} 43. Nf3 {[%clk 00:18:10]} {[%emt 00:06:55]} Nxf3 {[%clk
00:34:44]} {[%emt 00:03:42]} 44. Kxf3 {[%clk 00:18:06]} {[%emt 00:00:35]} Ke5
{[%clk 00:34:45]} {[%emt 00:00:22]} 45. h4 {[%clk 00:15:22]} {[%emt 00:03:21]}
gxh4 {[%clk 00:32:30]} {[%emt 00:02:43]} 46. gxh4 {[%clk 00:15:15]} {[%emt
00:00:38]} f4 {[%clk 00:32:01]} {[%emt 00:01:00]} 47. h5 {[%clk 00:14:15]}
{[%emt 00:01:29]} Kf5 {[%clk 00:32:12]} {[%emt 00:00:19]} 48. h6 {[%clk
00:14:22]} {[%emt 00:00:23]} 1-0

[Event "DEM U14w 2025"]
[Site "Willingen GER"]
[Date "2025.06.09"]
[Round "3"]
[White "Frenzel, Qorianka"]
[Black "Fruth, Julia"]
[Result "1-0"]
[Termination "normal"]
[Board "8"]
[WhiteElo "1650"]
[BlackElo "1659"]
[WhiteClock "00:07:37"]
[BlackClock "00:03:34"]
[PlyCount "91"]
[WhiteFideId "276294"]
[BlackFideId "34603050"]
[EventCountry "GER"]
[EventRounds "9"]
[EventType "swiss"]
[EventDate "2025.06.07"]

1. e4 {[%clk 01:30:53]} {[%emt 00:00:06]} c5 {[%clk 01:30:52]} {[%emt
00:00:08]} 2. Nf3 {[%clk 01:31:16]} {[%emt 00:00:07]} d6 {[%clk 01:31:12]}
{[%emt 00:00:10]} 3. d4 {[%clk 01:31:40]} {[%emt 00:00:06]} cxd4 {[%clk
01:31:35]} {[%emt 00:00:08]} 4. Nxd4 {[%clk 01:32:04]} {[%emt 00:00:06]} Nf6
{[%clk 01:31:53]} {[%emt 00:00:11]} 5. f3 {[%clk 01:32:27]} {[%emt 00:00:07]}
e5 {[%clk 01:29:20]} {[%emt 00:03:03]} 6. Nb3 {[%clk 01:32:45]} {[%emt
00:00:12]} Be6 {[%clk 01:29:25]} {[%emt 00:00:25]} 7. c4 {[%clk 01:33:03]}
{[%emt 00:00:12]} Be7 {[%clk 01:27:59]} {[%emt 00:01:56]} 8. Be3 {[%clk
01:32:57]} {[%emt 00:00:35]} O-O {[%clk 01:26:51]} {[%emt 00:01:39]} 9. Nc3
{[%clk 01:32:32]} {[%emt 00:00:54]} a6 {[%clk 01:26:31]} {[%emt 00:00:49]} 10.
Be2 {[%clk 01:30:57]} {[%emt 00:02:06]} Nbd7 {[%clk 01:24:13]} {[%emt
00:02:49]} 11. Nd5 {[%clk 01:28:31]} {[%emt 00:02:56]} Bxd5 {[%clk 01:15:19]}
{[%emt 00:09:23]} 12. cxd5 {[%clk 01:28:58]} {[%emt 00:00:04]} Rc8 {[%clk
01:13:28]} {[%emt 00:02:20]} 13. Qd2 {[%clk 01:25:02]} {[%emt 00:04:26]} Nb6
{[%clk 01:09:19]} {[%emt 00:04:40]} 14. Rc1 {[%clk 01:15:13]} {[%emt 00:10:19]}
Rxc1+ {[%clk 01:05:11]} {[%emt 00:04:37]} 15. Qxc1 {[%clk 01:10:14]} {[%emt
00:05:30]} Nfd7 {[%clk 00:55:09]} {[%emt 00:10:31]} 16. O-O {[%clk 01:05:26]}
{[%emt 00:05:18]} Qc8 {[%clk 00:52:11]} {[%emt 00:03:27]} 17. Na5 {[%clk
00:50:23]} {[%emt 00:15:35]} Qb8 {[%clk 00:47:04]} {[%emt 00:05:36]} 18. Qd2
{[%clk 00:44:34]} {[%emt 00:06:19]} Rc8 {[%clk 00:40:39]} {[%emt 00:06:55]} 19.
Qb4 {[%clk 00:38:22]} {[%emt 00:06:43]} Bd8 {[%clk 00:32:26]} {[%emt 00:08:42]}
20. f4 {[%clk 00:34:39]} {[%emt 00:04:13]} f5 {[%clk 00:23:42]} {[%emt
00:09:14]} 21. fxe5 {[%clk 00:26:54]} {[%emt 00:08:16]} fxe4 {[%clk 00:18:31]}
{[%emt 00:05:40]} 22. Bg4 {[%clk 00:21:20]} {[%emt 00:06:03]} Bc7 {[%clk
00:10:48]} {[%emt 00:08:14]} 23. Bxd7 {[%clk 00:11:40]} {[%emt 00:10:11]} Nxd7
{[%clk 00:10:25]} {[%emt 00:00:52]} 24. e6 {[%clk 00:10:57]} {[%emt 00:01:14]}
Nf6 {[%clk 00:08:36]} {[%emt 00:02:18]} 25. Qd2 {[%clk 00:04:14]} {[%emt
00:07:14]} Ng4 {[%clk 00:03:56]} {[%emt 00:05:10]} 26. Nc4 {[%clk 00:03:53]}
{[%emt 00:00:51]} b5 {[%clk 00:03:06]} {[%emt 00:01:19]} 27. h3 {[%clk
00:03:36]} {[%emt 00:00:48]} Nxe3 {[%clk 00:02:43]} {[%emt 00:00:53]} 28. Nxe3
{[%clk 00:03:54]} {[%emt 00:00:11]} Bb6 {[%clk 00:02:42]} {[%emt 00:00:31]} 29.
Kh1 {[%clk 00:04:06]} {[%emt 00:00:18]} Bxe3 {[%clk 00:02:14]} {[%emt
00:00:58]} 30. Qxe3 {[%clk 00:04:30]} {[%emt 00:00:07]} Rf8 {[%clk 00:01:38]}
{[%emt 00:01:06]} 31. Rxf8+ {[%clk 00:04:32]} {[%emt 00:00:28]} Qxf8 {[%clk
00:02:01]} {[%emt 00:00:06]} 32. Qxe4 {[%clk 00:04:48]} {[%emt 00:00:15]} Qf1+
{[%clk 00:01:53]} {[%emt 00:00:37]} 33. Kh2 {[%clk 00:05:12]} {[%emt 00:00:06]}
Kf8 {[%clk 00:01:57]} {[%emt 00:00:26]} 34. Qf3+ {[%clk 00:05:20]} {[%emt
00:00:22]} Qxf3 {[%clk 00:02:21]} {[%emt 00:00:07]} 35. gxf3 {[%clk 00:05:44]}
{[%emt 00:00:05]} Ke7 {[%clk 00:02:38]} {[%emt 00:00:13]} 36. Kg3 {[%clk
00:05:50]} {[%emt 00:00:24]} g6 {[%clk 00:02:49]} {[%emt 00:00:19]} 37. Kf4
{[%clk 00:05:34]} {[%emt 00:00:46]} h6 {[%clk 00:03:01]} {[%emt 00:00:18]} 38.
Ke4 {[%clk 00:05:27]} {[%emt 00:00:38]} Kf6 {[%clk 00:03:12]} {[%emt 00:00:19]}
39. Kd4 {[%clk 00:05:40]} {[%emt 00:00:17]} Ke7 {[%clk 00:03:20]} {[%emt
00:00:22]} 40. a4 {[%clk 00:05:35]} {[%emt 00:00:35]} bxa4 {[%clk 00:02:41]}
{[%emt 00:01:08]} 41. Kc4 {[%clk 00:05:56]} {[%emt 00:00:09]} Kf6 {[%emt
00:00:38]} 42. Kb4 {[%clk 00:06:15]} {[%emt 00:00:06]} a3 {[%clk 00:03:01]}
{[%emt 00:00:08]} 43. bxa3 {[%clk 00:06:34]} {[%emt 00:00:11]} Ke7 {[%clk
00:03:22]} {[%emt 00:00:08]} 44. Ka5 {[%clk 00:06:58]} {[%emt 00:00:06]} g5
{[%clk 00:03:15]} {[%emt 00:00:37]} 45. Kxa6 {[%clk 00:07:21]} {[%emt
00:00:07]} h5 {[%clk 00:03:34]} {[%emt 00:00:10]} 46. Kb7 {[%clk 00:07:37]}
{[%emt 00:00:16]} 1-0

[Event "DEM U14w 2025"]
[Site "Willingen GER"]
[Date "2025.06.09"]
[Round "3"]
[White "Richter, Anastasia"]
[Black "Baklan, Kira"]
[Result "1-0"]
[Termination "normal"]
[Board "9"]
[WhiteElo "1753"]
[BlackElo "1548"]
[WhiteClock "00:20:42"]
[BlackClock "01:16:58"]
[PlyCount "93"]
[WhiteFideId "34659099"]
[BlackFideId "34186514"]
[EventCountry "GER"]
[EventRounds "9"]
[EventType "swiss"]
[EventDate "2025.06.07"]

1. e4 {[%clk 01:30:59]} e6 {[%clk 01:30:54]} {[%emt 00:00:06]} 2. d4 {[%clk
01:31:21]} {[%emt 00:00:08]} d5 {[%clk 01:31:20]} {[%emt 00:00:05]} 3. e5
{[%clk 01:31:48]} {[%emt 00:00:03]} c5 {[%clk 01:31:45]} {[%emt 00:00:05]} 4.
c3 {[%clk 01:32:15]} {[%emt 00:00:02]} Nc6 {[%clk 01:32:08]} {[%emt 00:00:07]}
5. Nf3 {[%clk 01:32:37]} {[%emt 00:00:08]} Bd7 {[%clk 01:32:32]} {[%emt
00:00:07]} 6. Bd3 {[%clk 01:32:47]} {[%emt 00:00:19]} cxd4 {[%clk 01:31:14]}
{[%emt 00:01:48]} 7. O-O {[%clk 01:32:06]} {[%emt 00:01:11]} dxc3 {[%clk
01:31:28]} {[%emt 00:00:16]} 8. Nxc3 {[%clk 01:32:29]} {[%emt 00:00:07]} Nge7
{[%clk 01:31:13]} {[%emt 00:00:45]} 9. Bg5 {[%clk 01:30:43]} {[%emt 00:02:15]}
a6 {[%clk 01:30:38]} {[%emt 00:01:06]} 10. Rc1 {[%clk 01:23:06]} {[%emt
00:08:06]} Qb8 {[%clk 01:30:22]} {[%emt 00:00:47]} 11. Re1 {[%clk 01:20:39]}
{[%emt 00:02:56]} Ng6 {[%clk 01:30:22]} {[%emt 00:00:31]} 12. h4 {[%clk
01:08:30]} {[%emt 00:12:39]} h6 {[%clk 01:22:58]} {[%emt 00:07:54]} 13. Be3
{[%clk 01:01:14]} {[%emt 00:07:45]} Bb4 {[%clk 01:21:38]} {[%emt 00:01:51]} 14.
Bxg6 {[%clk 00:57:06]} {[%emt 00:04:38]} fxg6 {[%clk 01:21:56]} {[%emt
00:00:12]} 15. Qd3 {[%clk 00:55:28]} {[%emt 00:01:56]} Ne7 {[%clk 01:18:33]}
{[%emt 00:04:05]} 16. Bb6 {[%clk 00:50:48]} {[%emt 00:05:09]} Bc6 {[%clk
01:13:30]} {[%emt 00:05:34]} 17. Nd4 {[%clk 00:47:58]} {[%emt 00:03:17]} Qc8
{[%clk 01:12:27]} {[%emt 00:01:36]} 18. a3 {[%clk 00:42:04]} {[%emt 00:06:25]}
Bxc3 {[%clk 01:12:43]} {[%emt 00:00:13]} 19. Rxc3 {[%clk 00:41:48]} {[%emt
00:00:46]} Qd7 {[%clk 01:12:55]} {[%emt 00:00:18]} 20. Bc5 {[%clk 00:35:58]}
{[%emt 00:06:19]} Nf5 {[%clk 01:11:45]} {[%emt 00:01:41]} 21. h5 {[%clk
00:32:09]} {[%emt 00:04:18]} Bb5 {[%clk 01:07:10]} {[%emt 00:05:06]} 22. Qc2
{[%clk 00:26:26]} {[%emt 00:06:09]} Nxd4 {[%clk 01:04:57]} {[%emt 00:02:47]}
23. Bxd4 {[%clk 00:23:21]} {[%emt 00:03:35]} Bc6 {[%clk 01:04:35]} {[%emt
00:00:52]} 24. Qxg6+ {[%clk 00:22:30]} {[%emt 00:01:21]} Qf7 {[%clk 01:04:39]}
{[%emt 00:00:26]} 25. Rg3 {[%clk 00:21:49]} {[%emt 00:01:06]} Qxg6 {[%clk
01:04:08]} {[%emt 00:01:06]} 26. Rxg6 {[%clk 00:22:08]} {[%emt 00:00:10]} O-O
{[%clk 01:04:12]} {[%emt 00:00:27]} 27. Rxe6 {[%clk 00:21:12]} {[%emt
00:01:25]} Rf4 {[%clk 01:03:15]} {[%emt 00:01:27]} 28. Be3 {[%clk 00:17:36]}
{[%emt 00:04:06]} Rh4 {[%clk 01:03:06]} {[%emt 00:00:39]} 29. Rg6 {[%clk
00:15:12]} {[%emt 00:02:54]} Rxh5 {[%clk 01:00:14]} {[%emt 00:03:22]} 30. g4
{[%clk 00:14:13]} {[%emt 00:01:30]} Rh4 {[%clk 00:58:32]} {[%emt 00:02:11]} 31.
Kg2 {[%clk 00:10:55]} {[%emt 00:03:48]} Be8 {[%clk 00:53:35]} {[%emt 00:05:27]}
32. Rxg7+ {[%clk 00:07:53]} {[%emt 00:03:33]} Kxg7 {[%clk 00:53:52]} {[%emt
00:00:13]} 33. Kg3 {[%clk 00:08:19]} {[%emt 00:00:04]} Rxg4+ {[%clk 00:54:08]}
{[%emt 00:00:14]} 34. Kxg4 {[%clk 00:08:43]} {[%emt 00:00:06]} Bf7 {[%clk
00:53:40]} {[%emt 00:00:58]} 35. Rg1 {[%clk 00:07:59]} {[%emt 00:01:12]} Kh7
{[%clk 00:53:17]} {[%emt 00:00:54]} 36. Kf5 {[%clk 00:07:09]} {[%emt 00:01:16]}
Rf8 {[%clk 00:50:30]} {[%emt 00:03:20]} 37. Kf6 {[%clk 00:04:00]} {[%emt
00:03:40]} Bg6+ {[%clk 00:50:06]} {[%emt 00:00:55]} 38. Ke7 {[%clk 00:03:25]}
{[%emt 00:01:05]} Re8+ {[%clk 00:50:24]} {[%emt 00:00:12]} 39. Kd6 {[%clk
00:03:28]} {[%emt 00:00:24]} Rd8+ {[%clk 00:50:42]} {[%emt 00:00:15]} 40. Kc7
{[%clk 00:02:16]} {[%emt 00:01:41]} Re8 {[%clk 00:51:06]} {[%emt 00:00:07]} 41.
f4 {[%clk 00:01:36]} {[%emt 00:01:06]} Be4 {[%clk 00:50:45]} {[%emt 00:00:55]}
42. Bd4 {[%clk 00:26:19]} {[%emt 00:05:37]} Rf8 {[%clk 01:20:45]} {[%emt
00:00:39]} 43. e6 {[%clk 00:23:56]} {[%emt 00:02:54]} Bg6 {[%clk 01:19:54]}
{[%emt 00:01:20]} 44. e7 {[%clk 00:21:21]} {[%emt 00:03:04]} Rf7 {[%clk
01:19:10]} {[%emt 00:01:16]} 45. Kd8 {[%clk 00:20:45]} {[%emt 00:01:03]} Rxf4
{[%clk 01:17:33]} {[%emt 00:02:09]} 46. Rxg6 {[%clk 00:20:26]} {[%emt
00:00:50]} Re4 {[%clk 01:16:58]} {[%emt 00:01:05]} 47. Rg7+ {[%clk 00:20:42]}
{[%emt 00:00:14]} 1-0

[Event "DEM U14w 2025"]
[Site "Willingen GER"]
[Date "2025.06.09"]
[Round "3"]
[White "Albrecht, Sidney Jenna"]
[Black "Eitel, Liz"]
[Result "0-1"]
[Termination "normal"]
[Board "10"]
[WhiteElo "1504"]
[BlackElo "1736"]
[WhiteClock "00:38:25"]
[BlackClock "00:53:29"]
[PlyCount "80"]
[WhiteFideId "34660283"]
[BlackFideId "34622195"]
[EventCountry "GER"]
[EventRounds "9"]
[EventType "swiss"]
[EventDate "2025.06.07"]

1. c4 {[%clk 01:30:58]} {[%emt 00:00:01]} c5 {[%clk 01:30:56]} {[%emt
00:00:05]} 2. Nf3 {[%clk 01:31:17]} {[%emt 00:00:10]} Nc6 {[%clk 01:31:25]} 3.
d4 {[%clk 01:31:38]} {[%emt 00:00:10]} cxd4 {[%clk 01:31:51]} {[%emt 00:00:04]}
4. Nxd4 {[%clk 01:32:03]} {[%emt 00:00:05]} Nf6 {[%clk 01:32:16]} {[%emt
00:00:05]} 5. Nc3 {[%clk 01:31:15]} {[%emt 00:01:17]} e6 {[%clk 01:32:41]}
{[%emt 00:00:06]} 6. e4 {[%clk 01:28:40]} {[%emt 00:03:04]} Bb4 {[%clk
01:32:55]} {[%emt 00:00:17]} 7. Nxc6 {[%clk 01:26:56]} {[%emt 00:02:15]} Bxc3+
{[%clk 01:32:39]} {[%emt 00:00:46]} 8. bxc3 {[%clk 01:27:16]} {[%emt 00:00:10]}
dxc6 {[%clk 01:32:17]} {[%emt 00:00:52]} 9. Qxd8+ {[%clk 01:26:47]} {[%emt
00:00:58]} Kxd8 {[%clk 01:32:41]} {[%emt 00:00:06]} 10. Bd3 {[%clk 01:25:09]}
{[%emt 00:02:07]} e5 {[%clk 01:32:02]} {[%emt 00:01:11]} 11. Rb1 {[%clk
01:23:50]} {[%emt 00:01:49]} Kc7 {[%clk 01:31:24]} {[%emt 00:01:08]} 12. O-O
{[%clk 01:19:53]} {[%emt 00:04:26]} Rd8 {[%clk 01:30:43]} {[%emt 00:01:11]} 13.
Bc2 {[%clk 01:19:41]} {[%emt 00:00:42]} Be6 {[%clk 01:28:45]} {[%emt 00:02:29]}
14. Rb4 {[%clk 01:16:34]} {[%emt 00:03:36]} c5 {[%clk 01:25:39]} {[%emt
00:03:36]} 15. Ra4 {[%clk 01:14:19]} {[%emt 00:02:45]} Nd7 {[%clk 01:23:29]}
{[%emt 00:02:41]} 16. Be3 {[%clk 01:10:20]} {[%emt 00:04:28]} a6 {[%clk
01:13:57]} {[%emt 00:10:02]} 17. Ra1 {[%clk 01:07:12]} {[%emt 00:03:38]} Rac8
{[%clk 01:11:43]} {[%emt 00:02:44]} 18. f3 {[%clk 01:02:32]} {[%emt 00:05:10]}
Nb6 {[%clk 01:09:52]} {[%emt 00:02:22]} 19. Ra5 {[%clk 01:01:37]} {[%emt
00:01:24]} Nxc4 {[%clk 01:09:46]} {[%emt 00:00:36]} 20. Rxc5+ {[%clk 01:01:28]}
{[%emt 00:00:39]} Kb8 {[%clk 01:09:24]} {[%emt 00:00:52]} 21. Bf2 {[%clk
00:58:07]} {[%emt 00:03:51]} Na3 {[%clk 01:04:24]} {[%emt 00:05:30]} 22. Bb3
{[%clk 00:55:01]} {[%emt 00:03:36]} Bxb3 {[%emt 00:07:59]} 23. axb3 {[%clk
00:54:13]} {[%emt 00:01:06]} Rxc5 {[%clk 00:57:24]} {[%emt 00:00:13]} 24. Bxc5
{[%clk 00:54:28]} {[%emt 00:00:15]} Nb5 {[%clk 00:57:46]} {[%emt 00:00:09]} 25.
c4 {[%clk 00:53:03]} {[%emt 00:01:55]} Nd4 {[%clk 00:57:33]} {[%emt 00:00:42]}
26. Kf1 {[%clk 00:51:21]} {[%emt 00:02:11]} Nxb3 {[%clk 00:56:31]} {[%emt
00:01:33]} 27. Bb6 {[%clk 00:45:17]} {[%emt 00:06:34]} Rd6 {[%clk 00:55:50]}
{[%emt 00:01:11]} 28. c5 {[%clk 00:45:18]} {[%emt 00:00:29]} Rxb6 {[%clk
00:56:09]} {[%emt 00:00:11]} 29. cxb6 {[%clk 00:45:38]} {[%emt 00:00:11]} Nxa1
{[%clk 00:56:28]} {[%emt 00:00:10]} 30. Ke2 {[%clk 00:45:10]} {[%emt 00:00:58]}
Nc2 {[%clk 00:55:43]} {[%emt 00:01:15]} 31. Kd2 {[%clk 00:44:31]} {[%emt
00:01:08]} Nd4 {[%clk 00:55:31]} {[%emt 00:00:43]} 32. Kc3 {[%clk 00:40:56]}
{[%emt 00:04:06]} Kc8 {[%clk 00:55:55]} {[%emt 00:00:06]} 33. Kc4 {[%clk
00:41:05]} {[%emt 00:00:20]} Kd7 {[%clk 00:56:06]} {[%emt 00:00:19]} 34. Kd5
{[%clk 00:41:14]} {[%emt 00:00:21]} f6 {[%clk 00:56:01]} {[%emt 00:00:35]} 35.
h3 {[%clk 00:40:43]} {[%emt 00:01:00]} Nc2 {[%clk 00:53:31]} {[%emt 00:03:01]}
36. h4 {[%clk 00:40:21]} {[%emt 00:00:52]} Ne3+ {[%clk 00:52:56]} {[%emt
00:01:05]} 37. Kc5 {[%clk 00:39:45]} {[%emt 00:01:07]} Nxg2 {[%clk 00:53:04]}
{[%emt 00:00:20]} 38. h5 {[%clk 00:39:15]} {[%emt 00:01:01]} Nf4 {[%clk
00:53:25]} {[%emt 00:00:10]} 39. Kc4 {[%clk 00:38:38]} {[%emt 00:01:07]} Kc6
{[%clk 00:53:38]} {[%emt 00:00:17]} 40. Kb4 {[%clk 00:38:25]} {[%emt 00:00:43]}
Nxh5 {[%clk 00:53:29]} {[%emt 00:00:38]} 0-1

[Event "DEM U14w 2025"]
[Site "Willingen GER"]
[Date "2025.06.09"]
[Round "3"]
[White "Mader, Theresa"]
[Black "Shakhimardanova, Nigina"]
[Result "0-1"]
[Termination "normal"]
[Board "11"]
[WhiteElo "1592"]
[BlackElo "1534"]
[WhiteClock "00:26:49"]
[BlackClock "01:21:53"]
[PlyCount "52"]
[WhiteFideId "34605657"]
[BlackFideId "34648437"]
[EventCountry "GER"]
[EventRounds "9"]
[EventType "swiss"]
[EventDate "2025.06.07"]

1. d4 {[%clk 01:30:58]} d5 {[%clk 01:30:56]} {[%emt 00:00:04]} 2. c4 {[%clk
01:31:23]} {[%emt 00:00:07]} e6 {[%clk 01:31:22]} {[%emt 00:00:03]} 3. Nc3
{[%clk 01:31:43]} {[%emt 00:00:10]} Nf6 {[%clk 01:31:39]} {[%emt 00:00:12]} 4.
cxd5 {[%clk 01:32:00]} {[%emt 00:00:13]} exd5 {[%clk 01:32:01]} {[%emt
00:00:08]} 5. Bg5 {[%clk 01:32:19]} {[%emt 00:00:12]} Bb4 {[%clk 01:32:22]}
{[%emt 00:00:08]} 6. Qc2 {[%clk 01:31:03]} {[%emt 00:01:47]} Qd6 {[%clk
01:30:55]} {[%emt 00:01:56]} 7. a3 {[%clk 01:27:48]} {[%emt 00:03:46]} Ne4
{[%clk 01:30:01]} {[%emt 00:01:24]} 8. Bd2 {[%clk 01:24:13]} {[%emt 00:04:05]}
Bxc3 {[%clk 01:29:38]} {[%emt 00:00:53]} 9. Bxc3 {[%clk 01:22:39]} {[%emt
00:02:04]} Bf5 {[%clk 01:29:44]} {[%emt 00:00:23]} 10. Qb3 {[%clk 01:21:29]}
{[%emt 00:01:41]} O-O {[%clk 01:27:54]} {[%emt 00:02:19]} 11. e3 {[%clk
01:17:20]} {[%emt 00:04:40]} Nd7 {[%clk 01:28:01]} {[%emt 00:00:23]} 12. Nf3
{[%clk 01:15:44]} {[%emt 00:02:07]} Nb6 {[%clk 01:28:08]} {[%emt 00:00:21]} 13.
Be2 {[%clk 01:11:40]} {[%emt 00:04:35]} Bg4 {[%clk 01:26:39]} {[%emt 00:01:59]}
14. h3 {[%clk 01:08:37]} {[%emt 00:03:33]} Bh5 {[%clk 01:26:18]} {[%emt
00:00:51]} 15. O-O {[%clk 01:03:23]} {[%emt 00:05:44]} Qh6 {[%clk 01:25:39]}
{[%emt 00:01:07]} 16. Qc2 {[%clk 00:59:56]} {[%emt 00:03:59]} Bg6 {[%clk
01:24:56]} {[%emt 00:01:13]} 17. Bd3 {[%clk 00:55:38]} {[%emt 00:04:48]} Ng5
{[%clk 01:23:58]} {[%emt 00:01:27]} 18. Nxg5 {[%clk 00:48:06]} {[%emt
00:08:03]} Qxg5 {[%clk 01:24:12]} {[%emt 00:00:15]} 19. Bb4 {[%clk 00:44:31]}
{[%emt 00:04:07]} Bxd3 {[%clk 01:21:17]} {[%emt 00:03:24]} 20. Qxd3 {[%clk
00:44:42]} {[%emt 00:00:18]} Rfe8 {[%clk 01:21:40]} {[%emt 00:00:07]} 21. Rac1
{[%clk 00:42:00]} {[%emt 00:03:12]} Re6 {[%clk 01:21:55]} {[%emt 00:00:15]} 22.
Rxc7 {[%clk 00:37:59]} {[%emt 00:04:31]} Rg6 {[%clk 01:22:14]} {[%emt
00:00:11]} 23. g3 {[%clk 00:37:33]} {[%emt 00:00:56]} Qh5 {[%clk 01:21:39]}
{[%emt 00:01:05]} 24. Kg2 {[%clk 00:35:21]} {[%emt 00:02:42]} Rh6 {[%clk
01:21:18]} {[%emt 00:00:51]} 25. Rh1 {[%clk 00:34:48]} {[%emt 00:01:04]} Rf6
{[%clk 01:21:39]} {[%emt 00:00:08]} 26. Be7 {[%clk 00:26:49]} {[%emt 00:08:30]}
Qf3+ {[%clk 01:21:53]} {[%emt 00:00:15]} 0-1